Tolstoy /

Bibliographic Details
Main Author: Wilson, A. N., 1950-
Format: Book
Language:English
Published: New York : Norton, [1988]
Edition:1st American ed.
Subjects:

MARC

Tag First Indicator Second Indicator Subfields
LEADER 00000cam a22000008a 4500
001 in00000033218
005 20151007060531.0
008 880408s1988 nyuc b 00110beng
010 |a  88012485  
020 |z 0383025853 
035 |a (OCoLC)17841887 
035 |9 AAC1071AM 
040 |a DLC  |c DLC  |d TXA  |d UtOrBLW 
049 |a TXAM  |c [A11531223] 
050 0 0 |a PG3385  |b .W48 1988 
082 0 |a 891.73/3  |a B  |2 19 
100 1 |a Wilson, A. N.,  |d 1950- 
245 1 0 |a Tolstoy /  |c A.N. Wilson. 
250 |a 1st American ed. 
264 1 |a New York :  |b Norton,  |c [1988] 
264 4 |c ©1988 
300 |a xxviii, 572 pages, 24 unnumbered pages of plates :  |b portraits 
336 |a text  |b txt  |2 rdacontent 
337 |a unmediated  |b n  |2 rdamedia 
338 |a volume  |b nc  |2 rdacarrier 
504 |a Bibliography: pages [539]-548. 
500 |a Includes index. 
536 |a From the library of Harrison T. Meserole, 2002. 
600 1 0 |a Tolstoy, Leo,  |c graf,  |d 1828-1910. 
650 0 |a Authors, Russian  |y 19th century  |v Biography. 
999 |a MARS 
999 f f |s 89575a76-e577-3394-a5f6-1d852246feb5  |i 975c8fd4-abc2-3974-bce7-1d848c9c30d5  |t 0 
952 f f |p normal  |a Texas A&M University  |b College Station  |c Sterling C. Evans Library  |s Evans stk  |d Evans: Library Stacks  |t 0  |e PG3385 .W48 1988  |h Library of Congress classification  |i unmediated -- volume  |m A14829781167 
998 f f |a PG3385 .W48 1988  |t 0  |l Evans: Library Stacks